000 03318njm0a2200421 4500
001 RU\NLR\ONIZ\305051
005 20250708194449.0
035 _a(NLR Aleph) 022416545
071 0 0 _aС10-06527-8
090 _a13286121
_c13286121
100 _a20241105f19731980|||y0rusy50 ca
102 _aRU
126 _aabbxexu ux
_bxxx
127 _a004700
200 1 _aСоната для виолы да гамба и клавесина
_bЗвукозапись
_eДо мажор
_aСоната для виолы да гамба и клавесина
_eсоль минор
_fГ. Ф. Гендель
203 _aМузыка
_bисполнительская
_cаудио
210 _aМосква
_cМелодия
_gВСГ
_eМосква
_d[19--]
215 _a1 грп. [ГОСТ 5289-73] (47 мин) : 33 об/мин, стерео
_d30 см, в конв.
300 _aКоммент. на конв.
423 0 _12001#$aСоната для виолончели и фортепиано$eсоч. 1948 г.$fП. Хиндемит$g[все произведения] исполняют: Алла Васильева, [виола да гамба, виолончель], Михаил Мунтян, [клавесин, фортепиано]
_16061#$aСонаты для виолончели и фортепиано$yГермания$z19-20 вв.$jЗвукозапись$2nlr_sh$7ca
_16890#$aЩ952.142.9-041(4Г)
_1700#1$9z01790$aХиндемит$bП.$gПауль$f1895-1963$4230$7ca
_1702#1$9z02790$aВасильева$bА. Е.$gАлла Евгеньевна$cвиолончель$f1933-2018$4545$4svc$7ca
_1702#1$9z03790$aМунтян$bМ. В.$gМихаил Владимирович$cфортепиано, клавесин$f1935-2024$4545$4kfp$7ca
_1790#1$9z01700$aHindemith$bP.$gPaul$f1895-1963$4230$7ba
_1790#1$9z02702$aVasil`eva$bA. E.$gAlla Evgen`evna$ccello$f1933-2018$4545$4svc$7ba
_1790#1$9z03702$aMuntjan$bM.$gMichail$cpiano$f1935-2024$4545$4kfp$7ba
_tСоната для виолончели и фортепиано
_aХиндемит, Пауль (1895-1963)
606 1 _aСонаты для виолы да гамба и клавесина
_yГермания
_z17-18 вв.
_jЗвукозапись
_2nlr_sh
_7ca
606 1 _aВиолончелисты советские российские
_z20-21 вв.
_jЗвукозапись
_2nlr_sh
606 1 _aПианисты советские российские
_z20-21 вв.
_jЗвукозапись
_2nlr_sh
686 0 _aЩ952.141.9-041(4Г)я44
700 1 _9z01790
_aГендель
_bГ. Ф.
_f1685-1759
_gГеорг Фридрих
_4230
_7ca
702 1 _9z08790
_aВасильева
_bА. Е.
_cвиолончель
_f1933-2018
_gАлла Евгеньевна
_4545
_4svg
_7ca
702 1 _9z09790
_aМунтян
_bМ. В.
_cфортепиано, клавесин
_f1935-2024
_gМихаил Владимирович
_4545
_4khp
_7ca
790 1 _9z01700
_aHandel
_bG. F.
_f1685-1759
_gGeorg Friedrich
_4230
_7ba
790 1 _9z08702
_aVasil`eva
_bA. E.
_ccello
_f1933-2018
_gAlla Evgen`evna
_4545
_4svg
_7ba
790 1 _9z09702
_aMuntjan
_bM.
_cpiano
_f1935-2024
_gMichail
_4545
_4khp
_7ba
801 0 _aRU
_bNLR
_c20241105
_gPSBO
801 1 _aRU
_bNLR
_c20241105
_2rusmarc
801 2 _aRU
_bNLR
_c20241217
852 _aNLR
_bМг
_j3/9667
_p42704
_t1
942 _cREC
980 _aNB
980 _aONIZ